000
00152nam a22000857a 4500
082
_a
823
100
_a
DEFOR, DANIEL
245
_a
ROBINS CRUSOE
942
_c
BK
999
_c
8108
_d
8108